Statistiques concernant Anglais-verbes irréguliers (3)

Cliquez ici pour prendre le quiz!

Statistiques générales

  • Ce quiz a été pris 126 fois
  • Le résultat moyen est 131 sur 170

Statistiques - réponses

Base VerbalePrétéritParticipe PasséTraduction% Correct
BeatBeatBeatenBattre
95%
BiteBitBittenMordre
95%
BuildBuiltBuiltConstruire
95%
BecomeBecameBecomeDevenir
94%
BendBentBentPlier/ Se courber
94%
BetBetBetParier
94%
BeginBeganBegunCommencer
93%
BleedBledBledSaigner
93%
BuyBoughtBoughtAcheter
92%
BurnBurnt/ BurnedBurnt/ BurnedBrûler
92%
CastCastCastJeter/ Distribuer (rôles)
92%
CatchCaughtCaughtAttraper
92%
BidBid/ BadeBid/ BiddenOffrir
91%
BringBroughtBroughtApporter
91%
BurstBurstBurstÉclater
91%
BreakBrokeBrokenCasser
90%
ComeCameComeVenir
90%
ChooseChoseChosenChoisir
90%
CostCostCostCoûter
90%
CanCouldCouldPouvoir
90%
CutCutCutCouper
90%
FeedFedFedNourrir
90%
FeelFeltFeltSe sentir/ Ressentir
90%
FightFoughtFoughtSe battre
90%
CreepCreptCreptRamper
89%
DealDealtDealtDistribuer
89%
FleeFledFledS’enfuir
89%
ForgetForgotForgotten/ ForgotOublier
89%
FindFoundFoundTrouver
89%
BlowBlewBlownSouffler/ Gonfler
88%
BroadcastBroadcastBroadcastDiffuser/ Émettre
88%
DoDidDoneFaire
88%
DreamDreamt/ DreamedDreamt/ DreamedRêver
88%
DigDugDugCreuser
88%
AwakeAwokeAwokenSe réveiller
86%
ChideChid/ ChodeChid/ ChiddenGronder
86%
AbideAbodeAbodeRespecter/Se conformer à
85%
EatAteEatenManger
85%
ClingClungClungS’accrocher
85%
DrinkDrankDrunkBoire
85%
DriveDroveDrivenConduire
85%
FlingFlungFlungLancer
85%
GetGotGotten/ GotObtenir
85%
BegetBegat/ begotBegottenEngendrer
83%
FlyFlewFlownVoler
83%
AriseAroseArisenSurvenir
82%
DrawDrewDrawnDessiner/ Tirer
82%
FallFellFallenTomber
82%
HaveHadHadAvoir
82%
ForgiveForgaveForgivenPardonner
81%
FreezeFrozeFrozenGeler
81%
GiveGaveGivenDonner
81%
MeetMetMetRencontrer
81%
ClotheClad/ ClothedClad/ ClothedHabiller/ Recouvrir
80%
DwellDweltDwelt/ DwelledHabiter
80%
ForecastForcastForcastPrévoir
80%
HitHitHitTaper/ Appuyer
80%
SetSetSetFixer
80%
ShutShutShutFermer
80%
SpendSpentSpentDépenser/ Passer du temps
80%
KeepKeptKeptGarder
78%
LeanLeant/ LeanedLeant/ LeanedS’incliner/ Se pencher
78%
LeadLedLedMener/ Guider
78%
LeaveLeftLeftLaisser/ Quitter/ Partir
78%
LetLetLetPermettre/ Louer
78%
LightLit/ LightedLit/ LightedAllumer
78%
LoseLostLostPerdre
78%
MakeMadeMadeFabriquer
78%
MeanMeantMeantSignifier
78%
PayPaidPaidPayer
78%
PutPutPutMettre
78%
RunRanRunCourir
78%
ReadReadReadLire
78%
SendSentSentEnvoyer
78%
ShootshotshotTirer/ Fusiller
78%
SpellSpeltSpeltÉpeler/ Orthographier
78%
SpeakSpokeSpokenParler
78%
DiveDivedDived/ DovePlonger
77%
ForbideForbadeForbiddenInterdire
77%
GrowGrewGrownGrandir/ Pousser
77%
HideHidHiddenCacher
77%
HangHungHungTenir/ Pendre
77%
LeapLeapt/ LeapedLeapt/ LeapedSauter/ Bondir
77%
LearnLearntLearntApprendre
77%
QuitQuitQuitQuitter
77%
RidRidRidDébarrasser
77%
SaySaidSaidDire
77%
SingSangSungChanter
77%
SitSatSatS’assoire
77%
SeeSawSeenVoir
77%
SawSaw/ SawedSawn/ SawedScier
77%
ShedShedShedRépandre/ Laisser tomber
77%
SleepSleptSleptDormir
77%
SlideSlidSlidGlisser
77%
SmellSmeltSmeltSentir
77%
SellSoldSoldVendre
77%
SpeedSpedSpedAller vite
77%
HearHeardHeardEntendre
76%
HoldHeldHeldTenir
76%
HurtHurtHurtBlesser
76%
LayLaidLaidPoser
76%
LendLentLentPrêter
76%
OvercomeOvercameOvercomeSurmonter
76%
RendRentRentDéchirer
76%
SinkSank/ SunkSunk/ SunkenCouler
76%
SlitSlitSlitFendre
76%
StandStoodStoodÊtre debout
76%
GrindGroundGroundMoudre/ Opprimer
75%
KneelKnelt/ KnelledKnelt/ KnelledS’agenouiller
75%
RingRangRungSonner/ Téléphoner
75%
RelayRelaidRelaidRelayer
75%
SpitSpat/ SpitSpat/ SpitCracher
75%
SpillSpilt/ SpilledSpilt/ SpilledRenverser
75%
SplitSplitSplitFendre
75%
SpreadSpreadSpreadRépendre
75%
SpinSpunSpunTourner/ Faire tourner
75%
TeachTaughtTaughtEnseigner
75%
PleadPled/ PleadedPled/ PleadedSupplier/ Plaider
74%
SeekSoughtSoughtChercher
74%
SweepSweptSweptBalayer
74%
TellToldToldDire/ Raconter
74%
GoWentGoneAller
74%
KnowKnewKnownConnaître/ Savoir
73%
PresetPresetPresetProgrammer
73%
ShoeShodShodChausser
73%
SpoilSpoiltSpoiltGâcher/ Gâter
73%
SpringSprangSprungSurgir/ Jaillir/ Bondir
73%
StealStoleStolenVoler/ Dérober
73%
StickStuckStuckColler
73%
StingStungStungPiquer
73%
SwimSwamSwumNager
73%
SweatSweat/ SweatedSweat/ SweatedSuer
73%
ThinkThoughtThoughtPenser
73%
TakeTookTakenPrendre
73%
WinWonWonGagner
73%
ShineShoneShoneBriller
72%
ThrustThrustThrustEnfoncer
72%
UnderstandUnderstoodUnderstoodComprendre
72%
WetWet/ WettedWet/ WettedMouiller
72%
WakeWokeWokenRéveiller
72%
OffsetOffsetOffsetCompenser
70%
WeepWeptWeptPleurer
70%
TypesetTypesetTypesetComposer
69%
WriteWroteWrittenÉcrire
69%
MowMowedMowed/ MownTondre
68%
ProveProvedProven/ ProvedProuver
68%
SowSowedSown/ SowedSemer
68%
StinkStankStunkPuer
68%
SwingSwungSwungSe balancer
68%
WindWoundWoundEnrouler/ Remonter
68%
WringWrungWrungTordre
68%
RiseRoseRisenLever
67%
BearBoreBorne/bornPorter/ Supporter/ Naître
66%
ThrowThrewThrownJeter
66%
ForeseeForesawForeseenPrévoir/ Présentir
65%
StrikeStruckStricken/ StruckFrapper
65%
StriveStroveStrivenS’efforcer
63%
ThriveThrove/ ThrivedThriven/ ThrivedProspérer
63%
PartakePartookPartakenPrendre part à
61%
StrewStrewedStrewn/ StrewedÉparpiller
61%
WithdrawWithdrewWithdrawnSe retirer
61%
ShakeShookShakenSecouer
60%
ShowShowedShownMontrer
58%
SwearSworeSwornJurer
58%
UndergoUnderwentUndergoneSubir
58%
LieLayLainS’allonger
57%
TearToreTornDéchirer
55%
ForsakeForsookForsakenAbandonner
47%
SwellSwelled/ SweatedSwollenGonfler/ Enfler
43%
SlaySlewSlainTuer
25%

Distribution des résultats

Percentile par nombre de réponses

% des personnes avec chaque résultat

Votre développement - résultats

Vous n’avez pas pris ce quiz